000 00282nam a2200121Ia 4500
008 190216s9999||||xx |||||||||||||| ||und||
100 _aKalamdar
245 0 _aHindi-Mitiya Bhasha Sour Samskrithi
260 _bPrathibha Prakashan
300 _a128
650 _aHindi
942 _cBK
999 _c16253
_d16253